Focus (Record no. 84034)

MARC details
000 -LEADER
fixed length control field 00905cad a22001935a 4500
001 - CONTROL NUMBER
control field L156476
008 - FIXED-LENGTH DATA ELEMENTS--GENERAL INFORMATION
fixed length control field 120528e20120519xxk 000 0 eng d
035 ## - SYSTEM CONTROL NUMBER
System control number (Sirsi) u156476
041 0# - LANGUAGE CODE
Language code of text/sound track or separate title eng
100 1# - MAIN ENTRY--PERSONAL NAME
Personal name Pilkington, Lisa
245 00 - TITLE STATEMENT
Title Focus
Remainder of title Scotland
260 ## - PUBLICATION, DISTRIBUTION, ETC.
Date of publication, distribution, etc. 2012
490 ## - SERIES STATEMENT
Series statement Estates Gazette
Volume/sequential designation (1220) 19 May 2012, 65-83(15)
520 ## - SUMMARY, ETC.
Summary, etc. Office rents in Aberdeen reflect supply and demand levels from energy and technology companies. Assesses the impact the location of the Green Investment Bank to Edinburgh will have on the city's office market. Examines funding issues for Grade A office development in locations across Scotland and the Caltongate scheme in Edinburgh. Market health check on office, industrial and retail take-up, availability and rents in Edinburgh, Glasgow and Aberdeen.
590 ## - LOCAL NOTE (RLIN)
Local note KA
651 #4 - SUBJECT ADDED ENTRY--GEOGRAPHIC NAME
Geographic name Scotland
690 ## - LOCAL SUBJECT ADDED ENTRY--TOPICAL TERM (OCLC, RLIN)
Topical term or geographic name as entry element Commercial property
9 (RLIN) 6227
942 ## - ADDED ENTRY ELEMENTS (KOHA)
Suppress in OPAC 0
Holdings
Withdrawn status Lost status Source of classification or shelving scheme Damaged status Not for loan Home library Current library Shelving location Date acquired Total Checkouts Full call number Barcode Date last seen Copy number Price effective from Koha item type
    Dewey Decimal Classification     London London Journal article 28/05/2012   L156476 156476-1001 06/08/2019 1 06/08/2019 Journal article